[Event "Canarias en Red prel 5th"]
[Site "Playchess.com INT"]
[Date "2004.05.07"]
[Round "7"]
[White "Loskutov, Sergey"]
[Black "Coleman, James"]
[Result "1-0"]
[WhiteElo "2192"]
[BlackElo "2193"]
[PlyCount "145"]
[EventDate "2004.05.07"]
[EventType "swiss (blitz)"]
[EventRounds "13"]
[EventCountry "GER"]
[SourceTitle "EXT 2005"]
[Source "ChessBase"]
[SourceDate "2004.11.15"]
[SourceVersion "1"]
[SourceVersionDate "2004.11.15"]
[SourceQuality "1"]

1. d4 d5 2. Nf3 Nf6 3. c4 e6 4. Nc3 Be7 5. Bg5 0-0 6. e3 h6 7. Bxf6 Bxf6 8. Qc2 c5 9. dxc5 Nc6 10. Rd1 Nb4 11. Qb3 Na6 12. cxd5 Nxc5 13. Qc4 Qb6 14. b4 Na6 15. a3 Rd8 16. Be2 Bd7 17. Ne4 Bb2 18. Qb3 exd5 19. Rxd5 Bc6 20. Rxd8+ Rxd8 21. Qxb2 Bxe4 22. 0-0 Nc5 23. Rd1 Rxd1+ 24. Bxd1 Nd3 25. Qd4 Qxd4 26. Nxd4 Kf8 27. Bc2 Ke7 28. f3 Bg6 29. e4 Nb2 30. Kf1 Nc4 31. Ke2 Nxa3 32. Bd3 a6 33. Kd2 b5 34. Kc3 f6 35. Kb3 Nc4 36. Bxc4 bxc4+ 37. Kxc4 Bf7+ 38. Kc5 Kd7 39. Nf5 g6 40. Nxh6 Be6 41. Ng4 f5 42. Ne5+ Kc7 43. Nxg6 fxe4 44. fxe4 Bg4 45. Ne5 Be2 46. g4 Kd8 47. g5 Ke7 48. h4 Ke6 49. Nc6 Bd3 50. Nd4+ Ke5 51. g6 Bxe4 52. g7 Bh7 53. Nc6+ Kf6 54. Nb8 Kxg7 55. Nxa6 Bd3 56. Nc7 Kh6 57. Ne6 Kg6 58. Nf4+ Kf5 59. Nxd3 Kg4 60. Kc6 Kxh4 61. b5 Kh5 62. b6 Kg4 63. b7 Kf5 64. b8Q Ke4 65. Qd8 Ke3 66. Kc5 Kd2 67. Nb4+ Kc3 68. Nc6 Kb3 69. Qd3+ Ka4 70. Qb5+ Ka3 71. Qb4+ Ka2 72. Kc4 Ka1 73. Kc3 1-0

[Event "Canarias en Red prel 5th"]
[Site "Playchess.com INT"]
[Date "2004.05.07"]
[Round "13"]
[White "Loskutov, Sergey"]
[Black "Woerdemann, Martin"]
[Result "0-1"]
[WhiteElo "2192"]
[BlackElo "2319"]
[PlyCount "96"]
[EventDate "2004.05.07"]
[EventType "swiss (blitz)"]
[EventRounds "13"]
[EventCountry "GER"]
[SourceTitle "EXT 2005"]
[Source "ChessBase"]
[SourceDate "2004.11.15"]
[SourceVersion "1"]
[SourceVersionDate "2004.11.15"]
[SourceQuality "1"]

1. d4 d5 2. Nf3 Nf6 3. c4 c6 4. cxd5 cxd5 5. Nc3 Nc6 6. Bf4 Bf5 7. e3 e6 8. Ne5 Nxe5 9. Bxe5 Nd7 10. Bg3 Be7 11. Bd3 Bxd3 12. Qxd3 0-0 13. 0-0 Rc8 14. Rac1 Qb6 15. Qb5 Qxb5 16. Nxb5 a6 17. Nd6 Bxd6 18. Bxd6 Rfe8 19. f3 Nb6 20. b3 Rxc1 21. Rxc1 Rc8 22. Rxc8+ Nxc8 23. Bc7 f5 24. Kf2 Kf7 25. e4 fxe4 26. fxe4 Ne7 27. Ke3 Nc6 28. Bd6 Kg6 29. Bc5 Kg5 30. h3 Kh4 31. Bd6 g5 32. a3 g4 33. hxg4 Kxg4 34. exd5 exd5 35. b4 Nd8 36. Be5 Ne6 37. Bd6 Ng7 38. Be5 Nf5+ 39. Kf2 b5 40. Ke2 Ne7 41. Kf2 Nc8 42. Bc7 Na7 43. Bd6 Nc6 44. Bc5 Kf4 45. g3+ Ke4 46. g4 Nxd4 47. Kg3 Nc2 48. Kh4 d4 0-1